Sixteen to one (Record no. 19414)

MARC details
000 -LEADER
campo de control de longitud fija 00459ntaaa2200181 4500
003 - IDENTIFICADOR DE NÚMERO DE CONTROL
campo de control 01
005 - FECHA Y HORA DE LA ÚLTIMA TRANSACCIÓN
campo de control 20251027202437.0
008 - DATOS DE LONGITUD FIJA--INFORMACIÓN GENERAL
campo de control de longitud fija 0714s1973 ag 01
040 ## - FUENTE DE CATALOGACIÓN
Centro catalogador/agencia de origen AR-BaBN
Lengua de catalogación spa
Centro/agencia transcriptor AR-BaBN
Normas de descripción aacr
Centro/agencia modificador RIC
082 ## - NÚMERO DE LA CLASIFICACIÓN DECIMAL DEWEY
Número de clasificación 266.0000 H91
100 ## - ENTRADA PRINCIPAL--NOMBRE DE PERSONA
Nombre de persona Hant, W. Boyd
9 (RLIN) 23308
245 ## - MENCIÓN DEL TÍTULO
Título Sixteen to one
250 ## - MENCION DE EDICION
Mención de edición 1 ed. :
Resto de la mención de edición Broadman Press,
-- c1953
300 ## - DESCRIPCIÓN FÍSICA
Extensión 115 p.
500 ## - NOTA GENERAL
Nota general "mission study book ofr young people for 1953"
650 ## - PUNTO DE ACCESO ADICIONAL DE MATERIA--TÉRMINO DE MATERIA
Término de materia o nombre geográfico como elemento de entrada Misiones
942 ## - ELEMENTOS DE ENTRADA SECUNDARIOS (KOHA)
Tipo de ítem Koha Colección General
Holdings
Estatus retirado Estado de pérdida Estado de daño No para préstamo Biblioteca de origen Biblioteca actual Fecha de adquisición Número de inventario Total de préstamos Signatura topográfica completa Código de barras Visto por última vez Precio de reemplazo Tipo de ítem Koha
        Biblioteca Pluis Biblioteca Pluis 27/10/2025 07743   266.0000 H91 07743 27/10/2025 27/10/2025 Colección General